000
00320nam a22001457a 4500
008
230404b ||||| |||| 00| 0 eng d
020
_a
9780300065046
041
_a
eng
080
_a
34
082
_a
34HAZ
100
_a
31
101
_a
JUREDIK
245
_a
AMERICAN CIVIL PROCEDURE
_c
HAZARD.C.G
942
_2
udc
_c
BK
999
_c
59506
_d
59506